[Event "Dieren op"]
[Site "Dieren"]
[Date "2022.08.03"]
[Round "8"]
[White "Albers, Sasa"]
[Black "Vos, Tjark"]
[Result "0-1"]
[WhiteElo "2203"]
[BlackElo "2224"]
[PlyCount "68"]
[EventDate "2022.07.26"]
[EventType "swiss"]
[EventRounds "9"]
[EventCountry "NED"]
[SourceTitle "CBM 209 Extra"]
[Source "ChessBase"]
[SourceDate "2022.09.30"]
[SourceVersion "1"]
[SourceVersionDate "2022.09.30"]
[SourceQuality "1"]

1. e4 g6 2. d4 Bg7 3. Nf3 d6 4. Be3 Nd7 5. Nc3 a6 6. Bc4 e6 7. a4 Ngf6 8. Qd2 0-0 9. Bh6 d5 10. Bxg7 Kxg7 11. exd5 Nb6 12. Bb3 exd5 13. 0-0 Be6 14. Rad1 Qd6 15. a5 Nbd7 16. Rfe1 Bg4 17. Re3 Rfe8 18. Rde1 Bxf3 19. gxf3 c6 20. Rxe8 Rxe8 21. Rxe8 Nxe8 22. Ne2 Qf6 23. Kg2 Nd6 24. Qf4 Nf5 25. c3 g5 26. Qg4 Nh4+ 27. Kg3 h6 28. f4 Qe7 29. fxg5 hxg5 30. Bc2 Kh6 31. Bd3 f5 32. Qh3 Nf6 33. f3 Qe3 34. b3 Qxf3# 0-1

[Event "Dieren op"]
[Site "Dieren"]
[Date "2022.08.01"]
[Round "6"]
[White "Vos, Tjark"]
[Black "Achuthan, Dylan"]
[Result "0-1"]
[WhiteElo "2224"]
[BlackElo "1989"]
[PlyCount "86"]
[EventDate "2022.07.26"]
[EventType "swiss"]
[EventRounds "9"]
[EventCountry "NED"]
[SourceTitle "CBM 209 Extra"]
[Source "ChessBase"]
[SourceDate "2022.09.30"]
[SourceVersion "1"]
[SourceVersionDate "2022.09.30"]
[SourceQuality "1"]

1. e4 c5 2. Nf3 Nc6 3. d4 cxd4 4. Nxd4 e5 5. Nb5 d6 6. c4 g6 7. N1c3 a6 8. Na3 Bg7 9. Be2 Nf6 10. 0-0 Be6 11. Be3 0-0 12. f3 Nh5 13. Nc2 Rc8 14. b3 Nf4 15. Nd5 Bxd5 16. cxd5 Nxe2+ 17. Qxe2 Nd4 18. Bxd4 exd4 19. Rad1 Qb6 20. Rd3 Rc3 21. Rfd1 Rfc8 22. Nxd4 Bxd4+ 23. Rxd4 Rc1 24. Kf2 R8c2 25. R1d2 Rxa2 26. Rxa2 Qxd4+ 27. Kg3 Qe5+ 28. Kh3 Qh5+ 29. Kg3 g5 30. Kf2 Qh4+ 31. g3 Qxh2+ 32. Ke3 Qxg3 33. Kd3 Re1 34. Qf2 Rd1+ 35. Ke2 Qxf2+ 36. Kxf2 Rb1 37. Rc2 Rxb3 38. Rc8+ Kg7 39. Rd8 Rb6 40. Ke3 Kf6 41. Rh8 a5 42. Rxh7 a4 43. e5+ Kxe5 0-1

[Event "Dieren op"]
[Site "Dieren"]
[Date "2022.07.30"]
[Round "5"]
[White "Shakhverdian, William"]
[Black "Vos, Tjark"]
[Result "1/2-1/2"]
[WhiteElo "2040"]
[BlackElo "2224"]
[PlyCount "150"]
[EventDate "2022.07.26"]
[EventType "swiss"]
[EventRounds "9"]
[EventCountry "NED"]
[SourceTitle "CBM 209 Extra"]
[Source "ChessBase"]
[SourceDate "2022.09.30"]
[SourceVersion "1"]
[SourceVersionDate "2022.09.30"]
[SourceQuality "1"]

1. d4 Nf6 2. c4 g6 3. Nc3 Bg7 4. e4 d6 5. h3 0-0 6. Nf3 e5 7. d5 Nh5 8. g3 f5 9. exf5 gxf5 10. Nh4 Nf4 11. Be3 Nd7 12. Qd2 Nc5 13. 0-0-0 Bd7 14. Rg1 Ng6 15. Nxg6 hxg6 16. g4 b6 17. Be2 Qh4 18. gxf5 Bxf5 19. b4 Nd7 20. f3 a5 21. b5 Nc5 22. Kb2 e4 23. Bxc5 bxc5 24. fxe4 Qxe4 25. Bd3 Qh4 26. Qe1 Qxh3 27. Rg3 Qh4 28. Bxf5 Rxf5 29. Qe6+ Rf7 30. Rxg6 Kf8 31. Qg4 Qxg4 32. Rxg4 Rf3 33. Rxg7 Kxg7 34. Rg1+ Kf6 35. Re1 Rh8 36. b6 cxb6 37. Ne4+ Kg6 38. Rg1+ Kf5 39. Nxd6+ Ke5 40. Nb5 Rh2+ 41. Kb1 Rff2 42. a3 Rb2+ 43. Ka1 Rbc2 44. d6 Rxc4 45. Rd1 Rh8 46. d7 Rd4 47. Nxd4 cxd4 48. Re1+ Kd6 49. Re4 Kxd7 50. Rxd4+ Kc6 51. Kb2 Rh3 52. Rg4 Rd3 53. Rg6+ Kc5 54. Rg5+ Rd5 55. Rg2 Kc4 56. Rh2 Rd4 57. Rc2+ Kb5 58. Rh2 Ka4 59. Rg2 Rh4 60. Rf2 Rh3 61. Rf4+ Kb5 62. Rf5+ Kc6 63. Rf6+ Kb7 64. Rf7+ Ka6 65. Rf2 Rh5 66. Rg2 Kb5 67. Rf2 Rh4 68. Rg2 Ka4 69. Rf2 b5 70. Rg2 Rh3 71. Rg4+ b4 72. axb4 axb4 73. Rg2 Re3 74. Rh2 Rb3+ 75. Ka2 Ra3+ 1/2-1/2

[Event "Dieren op"]
[Site "Dieren"]
[Date "2022.07.29"]
[Round "4"]
[White "Vos, Tjark"]
[Black "Mingachev, Mansur"]
[Result "0-1"]
[WhiteElo "2224"]
[BlackElo "2377"]
[PlyCount "60"]
[EventDate "2022.07.26"]
[EventType "swiss"]
[EventRounds "9"]
[EventCountry "NED"]
[SourceTitle "CBM 209 Extra"]
[Source "ChessBase"]
[SourceDate "2022.09.30"]
[SourceVersion "1"]
[SourceVersionDate "2022.09.30"]
[SourceQuality "1"]

1. e4 c6 2. d4 d5 3. Nc3 dxe4 4. Nxe4 Nf6 5. Nxf6+ exf6 6. c3 Bd6 7. Bd3 Na6 8. Qc2 Nc7 9. Ne2 h5 10. Bd2 Nd5 11. 0-0-0 Kf8 12. Kb1 g6 13. c4 Nb4 14. Bxb4 Bxb4 15. c5 Ba5 16. Qb3 Kg7 17. Bc4 Re8 18. Nc3 b5 19. cxb6 axb6 20. d5 b5 21. Bf1 Bxc3 22. Qxc3 Bf5+ 23. Ka1 Re5 24. d6 Be6 25. a3 Qb6 26. Kb1 Qxf2 27. Bd3 Qxg2 28. Bc2 Rd8 29. h4 Rxd6 30. Rdg1 Qd5 0-1

[Event "Amsterdam Mokumse"]
[Site "Amsterdam"]
[Date "2019.04.09"]
[Round "7"]
[White "Pham, Khoi"]
[Black "Vos, Tjark"]
[Result "0-1"]
[WhiteElo "2116"]
[BlackElo "2223"]
[PlyCount "62"]
[EventDate "2019.02.05"]
[EventType "tourn"]
[EventRounds "9"]
[EventCountry "NED"]
[EventCategory "2"]
[SourceTitle "CBM 190 Extra"]
[Source "ChessBase"]
[SourceDate "2019.07.15"]
[SourceVersion "1"]
[SourceVersionDate "2019.07.15"]
[SourceQuality "1"]

1. d4 Nf6 2. c4 e6 3. Nc3 Bb4 4. f3 0-0 5. e4 d5 6. e5 Nfd7 7. cxd5 exd5 8. a3 Bxc3+ 9. bxc3 f6 10. exf6 Qxf6 11. Bd3 Nb6 12. Ne2 Bf5 13. 0-0 N8d7 14. Nf4 Bxd3 15. Nxd3 Nc4 16. Qb3 b6 17. Nb2 Qc6 18. Nxc4 dxc4 19. Qc2 Nf6 20. Re1 Nd5 21. Bg5 a5 22. Re5 Qd7 23. Rae1 b5 24. R1e4 Rae8 25. Rh4 g6 26. f4 Ne3 27. Qc1 Ng4 28. Rxe8 Rxe8 29. Rh3 Re2 30. Rf3 Qe6 31. Rf1 Qe4 0-1

[Event "Dieren op"]
[Site "Dieren"]
[Date "2017.08.02"]
[Round "8"]
[White "Hendriks, Willy"]
[Black "Vos, Tjark"]
[Result "1-0"]
[WhiteElo "2411"]
[BlackElo "2171"]
[PlyCount "61"]
[EventDate "2017.07.25"]
[EventType "swiss"]
[EventRounds "9"]
[EventCountry "NED"]
[SourceTitle "CBM 179 Extra"]
[Source "ChessBase"]
[SourceDate "2017.08.23"]
[SourceVersion "1"]
[SourceVersionDate "2017.08.23"]
[SourceQuality "1"]

1. e4 e6 2. d4 d5 3. e5 c5 4. c3 Nc6 5. Nf3 Qb6 6. a3 Nh6 7. Bd3 cxd4 8. cxd4 Bd7 9. Bc2 Nf5 10. Bxf5 exf5 11. 0-0 Be7 12. Nc3 Be6 13. b4 0-0 14. Qd3 Rac8 15. Ne2 a6 16. Bg5 Rc7 17. Rac1 Rfc8 18. Bxe7 Nxe7 19. Rc5 Bd7 20. Rfc1 Rxc5 21. dxc5 Qh6 22. Re1 a5 23. Ned4 b6 24. e6 fxe6 25. cxb6 axb4 26. b7 Rb8 27. Qa6 e5 28. Qa7 Qd6 29. Nxe5 Be8 30. Nd3 Kf7 31. Rxe7+ 1-0

[Event "Amsterdam Science Park op-A"]
[Site "Amsterdam"]
[Date "2017.07.13"]
[Round "5"]
[White "Kevlishvili, Robby"]
[Black "Vos, Tjark"]
[Result "1-0"]
[WhiteElo "2425"]
[BlackElo "2171"]
[PlyCount "91"]
[EventDate "2017.07.08"]
[EventType "swiss"]
[EventRounds "9"]
[EventCountry "NED"]
[SourceTitle "CBM 179 Extra"]
[Source "ChessBase"]
[SourceDate "2017.08.23"]
[SourceVersion "1"]
[SourceVersionDate "2017.08.23"]
[SourceQuality "1"]

1. e4 e5 2. Nf3 Nc6 3. Bb5 a6 4. Ba4 Nf6 5. 0-0 Be7 6. Re1 b5 7. Bb3 0-0 8. a4 b4 9. d3 d6 10. Nbd2 Na5 11. Ba2 c5 12. Nc4 Nc6 13. Bg5 Rb8 14. Ne3 h6 15. Bxf6 Bxf6 16. Nd2 g6 17. g3 Bg7 18. Nf3 Kh7 19. h4 f5 20. h5 gxh5 21. Nxf5 Bxf5 22. exf5 Qe8 23. Nh4 Ne7 24. Be6 Bf6 25. Ng2 Bg5 26. Qf3 Nc6 27. Qd5 Rd8 28. c3 Kh8 29. Qc4 a5 30. Ne3 Ne7 31. Qe4 Ng8 32. Nd5 Nf6 33. Nxf6 Bxf6 34. cxb4 cxb4 35. Rec1 Qe7 36. Rc6 Bg5 37. Kg2 h4 38. Rh1 hxg3 39. fxg3 Qg7 40. Kh3 Rf6 41. Rh2 h5 42. Rhc2 h4 43. Rc7 Qh6 44. gxh4 Bf4 45. Rg2 Qh5 46. Rg4 1-0

[Event "Haarlem Nova College op 15th"]
[Site "Haarlem"]
[Date "2017.07.01"]
[Round "4"]
[White "Vos, Tjark"]
[Black "Werle, Jan"]
[Result "1/2-1/2"]
[WhiteElo "2204"]
[BlackElo "2527"]
[PlyCount "62"]
[EventDate "2017.06.30"]
[EventType "swiss"]
[EventRounds "6"]
[EventCountry "NED"]
[SourceTitle "CBM 179 Extra"]
[Source "ChessBase"]
[SourceDate "2017.08.23"]
[SourceVersion "1"]
[SourceVersionDate "2017.08.23"]
[SourceQuality "1"]

1. e4 e6 2. d4 d5 3. Nd2 Be7 4. e5 c5 5. c3 Nc6 6. Bd3 cxd4 7. cxd4 Nh6 8. Ne2 f6 9. exf6 Bxf6 10. Nf3 Nf7 11. 0-0 0-0 12. Be3 g6 13. Rc1 Bg7 14. Qd2 Bd7 15. Rfe1 Rc8 16. Bb1 Qa5 17. Rc3 Qd8 18. h4 Ne7 19. h5 Rxc3 20. Qxc3 gxh5 21. Ng3 h4 22. Nxh4 e5 23. dxe5 Nxe5 24. Qc2 N7g6 25. Nxg6 Nxg6 26. Bxa7 Qa5 27. Re7 Rc8 28. Rxg7+ Kxg7 29. Bd4+ Kf7 30. Qd1 Rc6 31. Bd3 Ke8 1/2-1/2

[Event "Groningen op-A 54th"]
[Site "Groningen"]
[Date "2016.12.27"]
[Round "6"]
[White "Bekedam, Tyro"]
[Black "Vos, Tjark"]
[Result "1/2-1/2"]
[WhiteElo "2154"]
[BlackElo "2183"]
[PlyCount "57"]
[EventDate "2016.12.21"]
[EventType "swiss"]
[EventRounds "9"]
[EventCountry "NED"]
[SourceTitle "CBM 176 Extra"]
[Source "ChessBase"]
[SourceDate "2017.03.02"]
[SourceVersion "1"]
[SourceVersionDate "2017.03.02"]
[SourceQuality "1"]

1. e4 c5 2. Nf3 d6 3. d4 cxd4 4. Nxd4 Nf6 5. Nc3 a6 6. Be3 e6 7. f3 b5 8. Qd2 Nbd7 9. 0-0-0 b4 10. Nce2 Qc7 11. g4 h6 12. h4 d5 13. Bg2 dxe4 14. g5 Nd5 15. g6 Ne5 16. Nf4 Nxf4 17. Bxf4 Nd3+ 18. Qxd3 Qxf4+ 19. Qd2 e3 20. Qd3 Bc5 21. Ne2 Qc7 22. gxf7+ Kxf7 23. h5 Rf8 24. f4 Ra7 25. Qg6+ Kg8 26. Be4 Be7 27. Qh7+ Kf7 28. Qg6+ Kg8 29. Qh7+ 1/2-1/2

[Event "Groningen op-A 54th"]
[Site "Groningen"]
[Date "2016.12.26"]
[Round "5"]
[White "Vos, Tjark"]
[Black "Chu, Wei Chao"]
[Result "0-1"]
[WhiteElo "2183"]
[BlackElo "2281"]
[PlyCount "69"]
[EventDate "2016.12.21"]
[EventType "swiss"]
[EventRounds "9"]
[EventCountry "NED"]
[SourceTitle "EXT 2018"]
[Source "ChessBase"]
[SourceDate "2017.10.13"]
[SourceVersion "1"]
[SourceVersionDate "2017.10.13"]
[SourceQuality "1"]

1. e4 c5 2. Nf3 a6 3. c3 e6 4. d4 d5 5. exd5 exd5 6. Bd3 Bd6 7. dxc5 Bxc5 8. 0-0 Ne7 9. Bf4 Nbc6 10. Nbd2 0-0 11. Qc2 Ng6 12. Bg3 f5 13. h3 f4 14. Bh2 Qf6 15. Rad1 Kh8 16. Rfe1 Nge5 17. Nxe5 Nxe5 18. Bxh7 g6 19. Rxe5 Qxe5 20. Bxg6 Bxf2+ 21. Kxf2 Qe3+ 22. Kf1 f3 23. Qd3 fxg2+ 24. Kxg2 Bxh3+ 25. Kh1 Qxd3 26. Bxd3 Rae8 27. Bg1 Bf5 28. Bd4+ Kh7 29. Bxf5+ Rxf5 30. Nf1 Rh5+ 31. Kg1 Rg5+ 32. Kf2 Rf5+ 33. Kg1 Re7 34. b4 Rg5+ 35. Kh1 0-1

[Event "Amsterdam Science Park op-A"]
[Site "Amsterdam"]
[Date "2016.07.17"]
[Round "9"]
[White "Vos, Tjark"]
[Black "Novikov, Stanislav"]
[Result "1/2-1/2"]
[WhiteElo "2156"]
[BlackElo "2528"]
[PlyCount "124"]
[EventDate "2016.07.09"]
[EventType "swiss"]
[EventRounds "9"]
[EventCountry "NED"]
[SourceTitle "CBM 173 Extra"]
[Source "ChessBase"]
[SourceDate "2016.08.29"]
[SourceVersion "1"]
[SourceVersionDate "2016.08.29"]
[SourceQuality "1"]

1. e4 g6 2. d4 Bg7 3. c3 c6 4. Bd3 d6 5. Nf3 Nd7 6. 0-0 Qc7 7. h3 Ngf6 8. Bf4 e5 9. Bh2 0-0 10. Nbd2 Re8 11. Re1 b6 12. a4 Bb7 13. Nc4 a6 14. b4 Nh5 15. Qd2 b5 16. Na5 Nb6 17. Nxb7 Qxb7 18. axb5 cxb5 19. g4 Nf6 20. dxe5 dxe5 21. Bxe5 Nbd7 22. Bd4 Nxe4 23. Bxe4 Rxe4 24. Bxg7 Kxg7 25. Rxe4 Qxe4 26. Ng5 Qc6 27. Re1 h6 28. Qd4+ Nf6 29. Ne4 Re8 30. f3 Re6 31. Re3 Qd5 32. Nc5 Rxe3 33. Qxe3 Qd1+ 34. Kg2 Nd5 35. Qe5+ Kh7 36. Ne4 Qe2+ 37. Kg1 Qe3+ 38. Kh2 Qf4+ 39. Qxf4 Nxf4 40. Nc5 Nd5 41. Nxa6 Nxc3 42. Nc7 Kg7 43. Kg3 Kf6 44. Kf4 g5+ 45. Ke3 Ke5 46. Kd3 Na2 47. Nxb5 Nxb4+ 48. Ke3 Nd5+ 49. Kf2 f6 50. Kg3 f5 51. gxf5 Ne3 52. f6 Kxf6 53. f4 Nf5+ 54. Kg4 Ne3+ 55. Kf3 Nd5 56. fxg5+ Kxg5 57. Nd4 h5 58. Kg3 h4+ 59. Kf2 Nf4 60. Nf3+ Kh5 61. Nxh4 Kxh4 62. Kf3 Nxh3 1/2-1/2

[Event "Hilversum op"]
[Site "Hilversum"]
[Date "2016.06.17"]
[Round "2"]
[White "Vos, Tjark"]
[Black "Beerdsen, Thomas"]
[Result "0-1"]
[WhiteElo "2154"]
[BlackElo "2396"]
[PlyCount "74"]
[EventDate "2016.06.17"]
[EventType "swiss"]
[EventRounds "6"]
[EventCountry "NED"]
[SourceTitle "CBM 173 Extra"]
[Source "ChessBase"]
[SourceDate "2016.08.29"]
[SourceVersion "1"]
[SourceVersionDate "2016.08.29"]
[SourceQuality "1"]

1. e4 c5 2. Nf3 e6 3. d4 cxd4 4. Nxd4 a6 5. Nc3 d6 6. Be3 Nf6 7. g4 e5 8. Nf5 h5 9. g5 Nxe4 10. Nxg7+ Bxg7 11. Nxe4 d5 12. Ng3 e4 13. c3 Nc6 14. Nxh5 Be5 15. Bg2 Be6 16. f4 exf3 17. Qxf3 d4 18. Bf4 dxc3 19. Bxe5 Qd2+ 20. Kf1 Rxh5 21. Bxc3 Qxg5 22. Re1 0-0-0 23. Re5 Qxe5 24. Bxe5 Rxe5 25. Bh3 f5 26. Rg1 Bc4+ 27. Kf2 Rd2+ 28. Kg3 Rd3 29. Rc1 Rxf3+ 30. Kxf3 Bxa2 31. Kf4 Re2 32. Bxf5+ Kb8 33. Rc2 Re1 34. Rg2 Ne7 35. Bd3 Nd5+ 36. Kg5 Re5+ 37. Kh6 Nf4 0-1

[Event "NED-ch U21"]
[Site "Rotterdam"]
[Date "2015.05.05"]
[Round "5"]
[White "Van Hoorn, Frank"]
[Black "Vos, Tjark"]
[Result "1-0"]
[WhiteElo "1817"]
[BlackElo "2110"]
[PlyCount "57"]
[EventDate "2015.05.02"]
[EventType "swiss"]
[EventRounds "9"]
[EventCountry "NED"]
[SourceTitle "EXT 2016"]
[Source "ChessBase"]
[SourceDate "2015.10.08"]
[SourceVersion "1"]
[SourceVersionDate "2015.10.08"]
[SourceQuality "1"]

1. e4 c6 2. d4 d5 3. e5 Bf5 4. h4 h5 5. c4 e6 6. Nc3 Ne7 7. Bg5 Nd7 8. cxd5 cxd5 9. Nb5 Qa5+ 10. Bd2 Qb6 11. Nd6+ Kd8 12. Nxf7+ Ke8 13. Nxh8 Qxd4 14. Bc3 Qxd1+ 15. Rxd1 g6 16. Bb5 Nc6 17. f4 Bg7 18. Nxg6 Bxg6 19. Bd3 Bxd3 20. Rxd3 Ne7 21. Ne2 Bh6 22. Bd2 Nc5 23. Rf3 Ne4 24. Ng3 Nxd2 25. Kxd2 Ng6 26. Nxh5 Nxe5 27. Rg3 Kf7 28. Ke2 Ng6 29. Rc1 1-0

[Event "NED-ch U21"]
[Site "Rotterdam"]
[Date "2015.05.03"]
[Round "2"]
[White "Vos, Tjark"]
[Black "Beerdsen, Thomas"]
[Result "0-1"]
[WhiteElo "2110"]
[BlackElo "2291"]
[PlyCount "94"]
[EventDate "2015.05.02"]
[EventType "swiss"]
[EventRounds "9"]
[EventCountry "NED"]
[SourceTitle "EXT 2016"]
[Source "ChessBase"]
[SourceDate "2015.10.08"]
[SourceVersion "1"]
[SourceVersionDate "2015.10.08"]
[SourceQuality "1"]

1. e4 c5 2. Nf3 d6 3. Bb5+ Nc6 4. 0-0 Bd7 5. Re1 Nf6 6. c3 a6 7. Bf1 Bg4 8. h3 Bxf3 9. Qxf3 g6 10. d3 Bg7 11. Qd1 0-0 12. Nd2 b5 13. Nf3 Nd7 14. d4 b4 15. Be3 Qa5 16. Qd3 Rfc8 17. Nd2 bxc3 18. Nc4 Qd8 19. bxc3 cxd4 20. cxd4 d5 21. exd5 Nb4 22. Qd2 Nxd5 23. Rac1 Nf8 24. Na5 Rxc1 25. Rxc1 Ne6 26. Rc6 Nxe3 27. fxe3 Bh6 28. Nb3 a5 29. Bc4 Ng7 30. g4 e6 31. Kg2 Qd7 32. Rc5 Qb7+ 33. d5 a4 34. Nd4 a3 35. Rb5 Qc7 36. Bb3 e5 37. Nc6 Ne8 38. Qc3 Nd6 39. Rb4 Re8 40. Qc5 Bf8 41. Ra4 Nf5 42. Qc3 Nh4+ 43. Kh1 e4 44. d6 Qxd6 45. Ra7 Re6 46. Bxe6 Qd1+ 47. Kh2 Bd6+ 0-1